Loading...

Oxford Dictionary of English

Bibliographic Details
Main Author: Stevenson, Angus
Language:Undetermined
Published: Oxford University Press, 2010
Edition:3 ed.
Subjects:
LEADER 00505nam a2200157Ia 4500
008 200324s9999 xx 000 0 und d
082 |a R423  |b STE-O 
100 |a Stevenson, Angus 
245 0 |a Oxford Dictionary of English 
250 |a 3 ed. 
260 |b Oxford University Press,  |c 2010 
300 |a 1682p. 
650 |a English dictionaries 
942 |c REF 
999 |c 285508  |d 285508 
952 |0 0  |1 0  |4 0  |6 R_423_000000000000000_STEO  |7 0  |9 304049  |a SDE  |b SDE  |d 2014-08-18  |l 0  |o R 423 STE-O  |p SDE21176  |r 2020-03-27  |w 2020-03-27  |y R